00543nam a22001577a 450000500170000001000150001702000260003203500140005803700090007208200140008124500540009526000420014927000710019130000330026270000900029520240909152824.0 aENG-141695 a9789387871762c325.00 aEN-125227 bDBAD a338.47677 aSmart Textiles in Modern Era- Smartex Fashion 18/ aMadurai bShanlax Publications c2018 a61, T.P.K. Main Road Vasantha Nagar, Madurai bTamil Nadu e625003 acxv,=151p. c24cm.(Pb)b,ill aDepartment of Fashion Designing and Apparel Making; Holy Cross Home Science College/